| 000 | 00935nam a2200277Ia 4500 | ||
|---|---|---|---|
| 003 | OSt | ||
| 005 | 20260203164253.0 | ||
| 008 | 220923b |||||||| |||| 00| 0 eng d | ||
| 020 | _a1840775626 | ||
| 037 | _cGeneral Book | ||
| 040 |
_aRTL _cRTL _beng |
||
| 041 |
_2eng _aeng |
||
| 084 |
_aY:44.6.P, P6 _qRTL |
||
| 100 |
_aBlundo Giorgio _9294117 |
||
| 245 | 0 | _aEveryday corruption and the state citizens & public officials in Africa | |
| 260 |
_aLondon _bZed Books _c2006 |
||
| 300 |
_a 298 p. _b Includes bibliographical references and index |
||
| 500 | _aBibliography: P275-290 | ||
| 650 |
_aSociology _91113465 |
||
| 700 |
_a Olivier de Sardan Jean-Pierre _e Co-author _91113466 |
||
| 700 |
_aAfiyari N. Bako _e Co-author _91113467 |
||
| 700 |
_a Alou M. Tidjani _e Co-author _91113468 |
||
| 700 |
_aCox Sisan _e Translator _91113469 |
||
| 942 |
_hY:44.6.P, P6 _cGB _2CC _n0 |
||
| 999 |
_c586315 _d586315 |
||